The last stronghold
A novel about The Dien Bien Phu battle
Spremljeno u:
| Glavni autor: | |
|---|---|
| Format: | Knjiga |
| Jezik: | Undetermined |
| Izdano: |
Hanoi
Foreign Languages Publishing House
1963
|
| Teme: | |
| Oznake: |
Dodaj oznaku
Bez oznaka, Budi prvi tko označuje ovaj zapis!
|
| Thư viện lưu trữ: | Trung tâm Học liệu Trường Đại học Cần Thơ |
|---|
| LEADER | 00607nam a2200205Ia 4500 | ||
|---|---|---|---|
| 001 | CTU_218426 | ||
| 008 | 210402s9999 xx 000 0 und d | ||
| 082 | |a 895.922334 | ||
| 082 | |b H566 | ||
| 100 | |a Hữu Mai | ||
| 245 | 4 | |a The last stronghold | |
| 245 | 0 | |c Hữu Mai | |
| 260 | |a Hanoi | ||
| 260 | |b Foreign Languages Publishing House | ||
| 260 | |c 1963 | ||
| 520 | |a A novel about The Dien Bien Phu battle | ||
| 650 | |a Vietnamese literature,Văn học Việt Nam | ||
| 650 | |y 20th century,Thế kỷ 20 | ||
| 904 | |i Nguyên | ||
| 980 | |a Trung tâm Học liệu Trường Đại học Cần Thơ | ||